000 00508 a2200157 4500
999 _c1666
_d1666
020 _a9780198093312
050 _aHF5657.4 RAM 2014
100 _aRamanathan, S.
_eauthor
245 _aAccounting for management /
_cS. Ramanathan.
264 _aNew Delhi :
_bOxford University Press,
_c2014.
300 _axvii, 669 pages :
_b illustrations (black and white) ; 28 cm
500 _aIncludes index
650 _aManagerial accounting
650 _aBusiness Studies
_xTextbook
942 _2lcc
_cBK
_h5657.4
_iRAM
_kHF